El mejor 11 inicial con jugadores del clásico español - Estadísticas

Estadísticas generales
  • Esta prueba ha sido intentada 58 veces
  • La puntuación promedio es 9 de 12
Estadísticas de respuestas
Hint Respuesta % Correcto
ED Lamine Yamal
88%
POR Thibaut Courtois
88%
DC Kilian Mbappé
86%
MC Pedro González
84%
LI Alejandro Balde
82%
LD Daniel Carvajal
82%
DEF Pau Cubarsí
82%
MC Jude Bellingham
80%
EI Raphael Dias
76%
MC Federico Valverde
69%
DEF Dean Huijsen
65%
ENTRENADOR Xavi Alonso
10%
No se encontraron pruebas coincidentes
Distribución de puntuación
Porcentaje de gente con cada puntuación
Porcentaje por número respondido
Historial de tus puntuaciones
No has intentado esta prueba.